Lovci monster. Invaze /
Šestá část akční fantasy zachycuje náročnou operaci, jejímž cílem je záchrana několika pohřešovaných Lovců, uvězněných v dimenzi nočních můr.
Uloženo v:
| Série: | Lovci monster,
část 6 |
|---|---|
| Hlavní autor: | |
| Další autoři: | |
| Médium: | E-kniha |
| Jazyk: | Czech |
| Vydáno: |
Ostrava :
Fantom Print,
2018
|
| Vydání: | 1. vydání |
| Témata: | |
| Příbuzné jednotky: | Z cyklu::
Lovci monster |
| Tagy: |
Žádné tagy |
| LEADER | 02786cam a2200457 i 4500 | ||
|---|---|---|---|
| 001 | 310971 | ||
| 003 | CZ PrSKC | ||
| 005 | 20260601215657.0 | ||
| 007 | ta | ||
| 008 | 181127s2018 xr g 000 f cze d | ||
| 015 | |a cnb003057159 | ||
| 020 | |a 9788075940209 |q (brožováno) | ||
| 035 | |a (OCoLC)1096290589 | ||
| 040 | |a ABG001 |b cze |d OLA001 |e rda | ||
| 041 | 1 | |a cze |h eng | |
| 072 | 7 | |a 821.111(73)-3 |x Americká próza |2 Konspekt | |
| 080 | |a 821.111(73)-31 |2 MRF | ||
| 080 | |a (0:82-312.9) |2 MRF | ||
| 100 | 1 | |a Correia, Larry, |d 1977- |7 xx0153739 |4 aut | |
| 240 | 1 | 0 | |a Monster hunter siege. |l Česky |
| 245 | 1 | 0 | |a Lovci monster. |p Invaze / |c Larry Correia ; překlad Jakub Mařík |
| 246 | 3 | 0 | |a Invaze |
| 250 | |a 1. vydání | ||
| 264 | 1 | |a Ostrava : |b Fantom Print, |c 2018 | |
| 300 | |a 351 stran ; |c 21 cm | ||
| 336 | |a text |b txt |2 rdacontent | ||
| 337 | |a bez média |b n |2 rdamedia | ||
| 338 | |a svazek |b nc |2 rdacarrier | ||
| 500 | |a Přeloženo z angličtiny | ||
| 520 | 2 | |a Šestá část akční fantasy zachycuje náročnou operaci, jejímž cílem je záchrana několika pohřešovaných Lovců, uvězněných v dimenzi nočních můr. |b Když Owen Zastava Pitt, nejlepší Lovec ve společnosti Lovci monster s.r.o., dostal tip, že několik pohřešovaných Lovců je stále naživu, nečekal, že se jejich záchrana postupně změní v největší operaci v dějinách společnosti. Lovce totiž vězní v dimenzi nočních můr a jediná cesta do ní vede přes radioaktivní ruiny v monstry zamořené válečné zóně. Jako by tohle nestačilo, zmíněný ostrov je zároveň domácí základnou mocné bytosti, která stojí za zničujícími útoky v Copper Lake a Posledním drakovi. Ukazuje se, že dávným bohům chaosu se opravdu, ale opravdu nelíbí, když se jim chce někdo vloupat do domu. Jenže tenhle bůh si začal se špatnými lidmi a Lovci monster chtějí odplatu. Dobrovolníci z Loveckých společností z celého světa připravují společnou expedici a legie Lovců vyráží do války... Nakladatelská anotace. Kráceno. | |
| 655 | 7 | |a americké romány |7 fd131796 |2 czenas | |
| 655 | 7 | |a fantasy romány |7 fd184199 |2 czenas | |
| 655 | 9 | |a American fiction |2 eczenas | |
| 655 | 9 | |a fantasy novels |2 eczenas | |
| 700 | 1 | |a Mařík, Jakub, |d 1981- |7 xx0073715 |4 trl | |
| 787 | 0 | 8 | |i Z cyklu: |t Lovci monster |g 6 |
| 900 | |a ABA001 |b 21 | ||
| 044 | |a xr | ||
| 910 | |a RBIT002 | ||
| 998 | |d 180023 |a https://core.palmknihy.cz/api/books/180023/cover?piajg5 |b https://core.palmknihy.cz/api/books/180023/cover/400?piajg5 |c https://core.palmknihy.cz/api/books/180023/cover/50?piajg5 |e 2028-04-19 |g 352 |i 9788075940209 |j https://core.palmknihy.cz/api/books/180023/preview.epub |l |q 49 |r 1 |s https://www.palmknihy.cz/kniha/180023 |t ebook |y 2018 |z 0 |v Lovci monster |w 6 | ||
| 999 | |d 310969 | ||